<?xml version="1.0" encoding="UTF-8"?>
<record
    xmlns:xsi="http://www.w3.org/2001/XMLSchema-instance"
    xsi:schemaLocation="http://www.loc.gov/MARC21/slim http://www.loc.gov/standards/marcxml/schema/MARC21slim.xsd"
    xmlns="http://www.loc.gov/MARC21/slim">

  <leader>01757nam a2200337 i 4500</leader>
  <controlfield tag="001">182635</controlfield>
  <controlfield tag="003">ES-MaACL</controlfield>
  <controlfield tag="005">20231026164015.0</controlfield>
  <controlfield tag="008">131007s2010    sp           |||| |dspa d</controlfield>
  <datafield tag="020" ind1=" " ind2=" ">
    <subfield code="a">978-84-9887-381-8</subfield>
  </datafield>
  <datafield tag="080" ind1=" " ind2=" ">
    <subfield code="a">929 Valle-Inclan, Ram&#xF3;n del</subfield>
  </datafield>
  <datafield tag="080" ind1=" " ind2=" ">
    <subfield code="a">7:061.22(450.621 R.)"19"</subfield>
  </datafield>
  <datafield tag="245" ind1="0" ind2="0">
    <subfield code="a">Todo Valle-Incl&#xE1;n en Roma (1933-1936) / </subfield>
    <subfield code="c">edici&#xF3;n, anotaci&#xF3;n, &#xED;ndices y facs&#xED;miles, Margarita Santos Zas, Francisca Mart&#xED;nez, Carmen Vilchez Ru&#xED;z ... [et al.], Grupo de Investigaci&#xF3;n Valle-Incl&#xE1;n de la USC ; dirigido por Margarita Santos Zas.</subfield>
  </datafield>
  <datafield tag="246" ind1="3" ind2="5">
    <subfield code="i">Subt&#xED;t. del CD-ROM</subfield>
    <subfield code="a">El director Valle-Incl&#xE1;n</subfield>
  </datafield>
  <datafield tag="260" ind1=" " ind2=" ">
    <subfield code="a">Santiago de Compostela : </subfield>
    <subfield code="b">Universidade de Santiago de Compostela ;</subfield>
    <subfield code="a">[Pontevedra] : </subfield>
    <subfield code="b">Deputaci&#xF3;n de Pontevedra, </subfield>
    <subfield code="c">2010.</subfield>
  </datafield>
  <datafield tag="300" ind1=" " ind2=" ">
    <subfield code="a">668 p. ; </subfield>
    <subfield code="c">24 cm + </subfield>
    <subfield code="e">1 CD-ROM.</subfield>
  </datafield>
  <datafield tag="490" ind1="1" ind2=" ">
    <subfield code="a">Biblioteca de la C&#xE1;tedra Valle-Incl&#xE1;n de la Universidade de Santiago de  Compostela ; </subfield>
    <subfield code="v">5. </subfield>
    <subfield code="a">Monograf&#xED;as ; </subfield>
    <subfield code="v">4-5</subfield>
  </datafield>
  <datafield tag="504" ind1=" " ind2=" ">
    <subfield code="a">Bibliograf&#xED;a: p. 625-643.</subfield>
  </datafield>
  <datafield tag="600" ind1="1" ind2="7">
    <subfield code="a">Valle-Incl&#xE1;n, Ram&#xF3;n del,</subfield>
    <subfield code="d">1866-1936-</subfield>
    <subfield code="v">Correspondencia</subfield>
    <subfield code="9">140525</subfield>
  </datafield>
  <datafield tag="610" ind1="2" ind2="4">
    <subfield code="a">Academia Espa&#xF1;ola de Bellas Artes en Roma.</subfield>
    <subfield code="9">1194</subfield>
  </datafield>
  <datafield tag="700" ind1="1" ind2=" ">
    <subfield code="a">Santos Zas, Margarita.</subfield>
    <subfield code="9">153564</subfield>
  </datafield>
  <datafield tag="700" ind1="1" ind2=" ">
    <subfield code="a">Mart&#xED;nez, Francisca.</subfield>
    <subfield code="9">153565</subfield>
  </datafield>
  <datafield tag="700" ind1="1" ind2=" ">
    <subfield code="a">Vilchez Ru&#xED;z, Carmen.</subfield>
    <subfield code="9">153566</subfield>
  </datafield>
  <datafield tag="710" ind1="2" ind2=" ">
    <subfield code="a">Universidad de Santiago de Compostela. </subfield>
    <subfield code="b">C&#xE1;tedra Valle-Incl&#xE1;n.</subfield>
    <subfield code="9">145239</subfield>
  </datafield>
  <datafield tag="830" ind1="0" ind2=" ">
    <subfield code="a">Biblioteca de la C&#xE1;tedra Valle-Incl&#xE1;n de la Universidade de Santiago de  Compostela ; </subfield>
    <subfield code="v">5. </subfield>
    <subfield code="a">Monograf&#xED;as ; </subfield>
    <subfield code="v">4-5</subfield>
    <subfield code="9">224864</subfield>
  </datafield>
  <datafield tag="852" ind1=" " ind2=" ">
    <subfield code="a">ES-MaACL</subfield>
    <subfield code="j">A-12878</subfield>
    <subfield code="9">189552</subfield>
    <subfield code="b">R.149067</subfield>
    <subfield code="c">DEPO1</subfield>
    <subfield code="d">Olim: N-5878</subfield>
    <subfield code="x">Donaci&#xF3;n: Margarita Santos</subfield>
  </datafield>
  <datafield tag="852" ind1=" " ind2=" ">
    <subfield code="a">ES-MaACL</subfield>
    <subfield code="j">ROT 2/7/15</subfield>
  </datafield>
  <datafield tag="903" ind1=" " ind2=" ">
    <subfield code="9">153564</subfield>
    <subfield code="a">Santos Zas, Margarita</subfield>
    <subfield code="e">dnr</subfield>
  </datafield>
  <datafield tag="942" ind1=" " ind2=" ">
    <subfield code="2">udc</subfield>
    <subfield code="c">MONOGRAFIA</subfield>
  </datafield>
  <datafield tag="999" ind1=" " ind2=" ">
    <subfield code="c">182635</subfield>
    <subfield code="d">182635</subfield>
  </datafield>
  <datafield tag="952" ind1=" " ind2=" ">
    <subfield code="0">0</subfield>
    <subfield code="1">0</subfield>
    <subfield code="2">udc</subfield>
    <subfield code="4">0</subfield>
    <subfield code="7">0</subfield>
    <subfield code="a">ATENEOM</subfield>
    <subfield code="b">ATENEOM</subfield>
    <subfield code="c">DEPO1</subfield>
    <subfield code="d">2013-10-07</subfield>
    <subfield code="e">DONACION</subfield>
    <subfield code="l">0</subfield>
    <subfield code="o">N-12878</subfield>
    <subfield code="p">1191936</subfield>
    <subfield code="r">2023-02-23 00:00:00</subfield>
    <subfield code="w">2023-02-23</subfield>
    <subfield code="y">MONOGRAFIA</subfield>
  </datafield>
  <datafield tag="952" ind1=" " ind2=" ">
    <subfield code="0">0</subfield>
    <subfield code="1">0</subfield>
    <subfield code="4">0</subfield>
    <subfield code="7">0</subfield>
    <subfield code="a">ATENEOM</subfield>
    <subfield code="b">ATENEOM</subfield>
    <subfield code="c">DEPO</subfield>
    <subfield code="d">2017-05-03</subfield>
    <subfield code="e">DON</subfield>
    <subfield code="l">0</subfield>
    <subfield code="o">ROT 2/7/15</subfield>
    <subfield code="p">1197508</subfield>
    <subfield code="r">2023-02-23 00:00:00</subfield>
    <subfield code="w">2023-02-23</subfield>
    <subfield code="y">MONOGRAFIA</subfield>
  </datafield>
</record>
